[Event "AUT-chT 9697"]
[Site "Vorarlberg"]
[Date "1996.??.??"]
[Round "?"]
[White "Harrer, Erwin"]
[Black "Kranz, Armin"]
[Result "0-1"]
[WhiteElo "1935"]
[BlackElo "2145"]
[PlyCount "144"]
[EventDate "1996.??.??"]
[EventType "team"]
[EventRounds "9"]
[EventCountry "AUT"]
[SourceTitle "EXT 1999"]
[Source "ChessBase"]
[SourceDate "1998.11.16"]
[SourceVersion "1"]
[SourceVersionDate "1998.11.16"]
[SourceQuality "1"]

1. e4 c6 2. d4 d5 3. exd5 cxd5 4. Nf3 Nf6 5. c3 Nc6 6. Bf4 Bf5 7. Bd3 Bxd3 8. Qxd3 Qb6 9. b3 e6 10. Nbd2 Be7 11. 0-0 a5 12. Rab1 Qa6 13. Qxa6 Rxa6 14. Ne5 0-0 15. Nxc6 Rxc6 16. c4 Rfc8 17. c5 b6 18. cxb6 Rxb6 19. Rfc1 Rbc6 20. Nf3 Ba3 21. Rxc6 Rxc6 22. Bd2 Ra6 23. Kf1 Ne4 24. Be1 f6 25. Ng1 Kf7 26. Ne2 e5 27. f3 Nd6 28. Bc3 e4 29. Nf4 exf3 30. gxf3 Nb5 31. Ba1 Nc7 32. Nd3 Rc6 33. Re1 Ne6 34. Re2 Bd6 35. Bb2 Ng5 36. Kg2 Ne6 37. Kf1 Nf4 38. Nxf4 Bxf4 39. Kg2 Rc7 40. Ba3 Rc3 41. Bc5 Rd3 42. Bb6 Bd2 43. h3 Bb4 44. Rc2 g5 45. Bc5 Bc3 46. Bb6 Kg6 47. Re2 Kf5 48. Kg3 h5 49. Kg2 Kf4 50. Bc7+ Kf5 51. Bb6 g4 52. hxg4+ hxg4 53. fxg4+ Kxg4 54. Rc2 f5 55. Kf1 f4 56. Ke2 Rh3 57. Kf1 Re3 58. Kf2 Be1+ 59. Kf1 Kf3 60. Bc7 Re7 61. Be5 Bg3 62. a3 Rh7 63. Rc3+ Ke4 64. b4 axb4 65. axb4 Rh1+ 66. Kg2 Rh2+ 67. Kf1 Rb2 68. Rc1 Rxb4 69. Ra1 Rb2 70. Rd1 Bh4 71. Ra1 Bf2 72. Rd1 Be3 0-1

[Event "AUT-chT 9596"]
[Site "Vorarlberg"]
[Date "1996.??.??"]
[Round "1"]
[White "Harrer, Erwin"]
[Black "Poettinger, Harald"]
[Result "0-1"]
[WhiteElo "1945"]
[BlackElo "2245"]
[PlyCount "88"]
[EventDate "1995.??.??"]
[EventType "team"]
[EventRounds "9"]
[EventCountry "AUT"]
[SourceTitle "EXT 1999"]
[Source "ChessBase"]
[SourceDate "1998.11.16"]
[SourceVersion "1"]
[SourceVersionDate "1998.11.16"]
[SourceQuality "1"]

1. e4 d6 2. d4 Nf6 3. Nc3 c6 4. Nf3 Bg4 5. Be2 e6 6. 0-0 Be7 7. Be3 d5 8. exd5 cxd5 9. Ne5 Bxe2 10. Qxe2 0-0 11. a3 Nc6 12. Nxc6 bxc6 13. b4 a5 14. b5 a4 15. Rfb1 Qd7 16. Bf4 cxb5 17. Qxb5 Qxb5 18. Nxb5 Rfc8 19. c3 Ne4 20. Rc1 g5 21. Be3 h6 22. f3 Nf6 23. Rc2 Nd7 24. Rb1 Rc6 25. Rcb2 Bd8 26. c4 Rxc4 27. Rb4 Rc6 28. Bd2 Be7 29. R4b2 Nb6 30. Bb4 Bxb4 31. Rxb4 Nc4 32. Ra1 Rb6 33. Kf2 Rab8 34. Nc3 Rxb4 35. axb4 Rxb4 36. Rxa4 Rb2+ 37. Ne2 Kg7 38. Ra8 h5 39. g3 Nd6 40. h3 Nf5 41. Ra4 Nxg3 42. Kxg3 Rxe2 43. h4 gxh4+ 44. Kxh4 Kg6 0-1

[Event "AUT-chT 9697"]
[Site "Vorarlberg"]
[Date "1996.??.??"]
[Round "?"]
[White "Plieger, Josef"]
[Black "Harrer, Erwin"]
[Result "0-1"]
[WhiteElo "2125"]
[BlackElo "1935"]
[PlyCount "30"]
[EventDate "1996.??.??"]
[EventType "team"]
[EventRounds "9"]
[EventCountry "AUT"]
[SourceTitle "EXT 1999"]
[Source "ChessBase"]
[SourceDate "1998.11.16"]
[SourceVersion "1"]
[SourceVersionDate "1998.11.16"]
[SourceQuality "1"]

1. c4 c5 2. Nc3 Nc6 3. g3 g6 4. Bg2 Bg7 5. Nf3 Nf6 6. 0-0 0-0 7. d4 cxd4 8. Nxd4 a6 9. b3 Rb8 10. Bb2 Qb6 11. Nc2 d6 12. Ne3 Be6 13. Ncd5 Bxd5 14. Bxf6 Bxg2 15. Kxg2 Bxf6 0-1

[Event "AUT-chT 9596"]
[Site "Vorarlberg"]
[Date "1995.??.??"]
[Round "1"]
[White "Harrer, Erwin"]
[Black "Feistenauer, Fred"]
[Result "0-1"]
[WhiteElo "1930"]
[BlackElo "2285"]
[PlyCount "100"]
[EventDate "1995.??.??"]
[EventType "team"]
[EventRounds "9"]
[EventCountry "AUT"]
[SourceTitle "EXT 1999"]
[Source "ChessBase"]
[SourceDate "1998.11.16"]
[SourceVersion "1"]
[SourceVersionDate "1998.11.16"]
[SourceQuality "1"]

1. e4 d5 2. exd5 Nf6 3. Nc3 Nxd5 4. Nxd5 Qxd5 5. Nf3 Nc6 6. Be2 e5 7. d3 Bg4 8. 0-0 0-0-0 9. b3 e4 10. dxe4 Qxe4 11. Bd3 Qd5 12. Bb2 Nb4 13. Bc4 Qh5 14. Qe2 Bd6 15. h3 Bxh3 16. gxh3 Rhe8 17. Ne5 Qxe2 18. Bxe2 Bxe5 19. Bg4+ Kb8 20. Bxe5 Rxe5 21. c3 Nc6 22. Rad1 Red5 23. Rxd5 Rxd5 24. Re1 a5 25. Bf3 Rd2 26. Re8+ Nd8 27. a4 c6 28. b4 Kc7 29. Re3 axb4 30. cxb4 Rd4 31. Rb3 Ne6 32. a5 Nf4 33. Kh2 Rd3 34. Rxd3 Nxd3 35. Be4 Nxf2 36. Bxh7 Nd1 37. Bd3 Ne3 38. b5 c5 39. Kg3 c4 40. Be4 c3 41. a6 bxa6 42. bxa6 Kb6 43. Kf4 c2 44. Bxc2 Nxc2 45. h4 Nd4 46. h5 Ne6+ 47. Kf5 Nf8 48. Kg5 Nh7+ 49. Kf5 Kxa6 50. Ke5 Kb7 0-1

[Event "AUT-chT 9596"]
[Site "Vorarlberg"]
[Date "1995.??.??"]
[Round "2"]
[White "Harrer, Erwin"]
[Black "Gaertner, Guntram"]
[Result "0-1"]
[WhiteElo "1930"]
[BlackElo "2285"]
[PlyCount "54"]
[EventDate "1995.??.??"]
[EventType "team"]
[EventRounds "9"]
[EventCountry "AUT"]
[SourceTitle "EXT 1999"]
[Source "ChessBase"]
[SourceDate "1998.11.16"]
[SourceVersion "1"]
[SourceVersionDate "1998.11.16"]
[SourceQuality "1"]

1. e4 c5 2. Nf3 e6 3. d4 cxd4 4. Nxd4 a6 5. Be3 Nf6 6. Nd2 Qc7 7. c3 d5 8. exd5 Nxd5 9. Bg5 Qe5+ 10. Be3 Nxe3 11. fxe3 Qxe3+ 12. Qe2 Qxe2+ 13. Bxe2 Bc5 14. N2b3 Bb6 15. Bf3 0-0 16. 0-0-0 Nd7 17. Rhe1 Nc5 18. Nxc5 Bxc5 19. Nb3 Bb6 20. Rd3 Rb8 21. g3 g6 22. Kc2 Kg7 23. a4 Re8 24. Nd2 e5 25. Ne4 Bc7 26. Nc5 e4 27. Rdd1 exf3 0-1